000 005690000a22001810004500
003 MACL
005 20160226124023.0
008 160226b xxu||||| |||| 00| 0 eng d
040 _aMACL
_cMACL
041 _aHindi
082 _a800
100 _aडॉ वचनदेव कुमार
_940590
245 _aसंस्‍कृत साहित्‍य का इतिहास
260 _bनेशनल पब्लिशिंग हाउस
_c1977
_aदिल्‍ली
350 _a25
650 _aLiteracture
_939932
942 _cHIN
_k800
_2ddc
999 _c27503
_d27503